[Event "SVK-ch U08"]
[Site "Tatralandia"]
[Date "2025.05.13"]
[Round "3"]
[White "Kendera, Timotej Matej"]
[Black "Stehlik, Ondrej"]
[Result "1-0"]
[WhiteElo "1000"]
[BlackElo "1034"]
[PlyCount "65"]
[EventDate "2025.05.11"]
[EventType "swiss"]
[EventRounds "9"]
[EventCountry "SVK"]
[SourceTitle "CB21_2025"]
[SourceDate "2025.05.21"]
[SourceVersion "1"]
[SourceVersionDate "2025.05.21"]
[SourceQuality "1"]

1. e4 e5 2. Nf3 Nc6 3. Bb5 d6 4. d3 Bd7 5. Bxc6 Bxc6 6. Bg5 Be7 7. Bxe7 Nxe7 8. d4 exd4 9. Nxd4 Bxe4 10. f3 Bc6 11. 0-0 0-0 12. Rf2 Re8 13. Nxc6 Nxc6 14. Re2 Qd7 15. Rxe8+ Rxe8 16. Nc3 h6 17. Nb5 a6 18. Na7 Nxa7 19. Qd4 Nc6 20. Qf4 d5 21. b4 Qe7 22. Kf2 Qe2+ 23. Kg3 Qxc2 24. Qxc7 Nxb4 25. Rf1 Qxa2 26. Qxb7 Nd3 27. Rd1 Nc5 28. Qc6 Qa3 29. Qxe8+ Kh7 30. Rxd5 Nb7 31. Qe4+ Kg8 32. Rd7 Nc5 33. Rd8# 1-0

[Event "SVK-ch U08"]
[Site "Tatralandia"]
[Date "2025.05.11"]
[Round "1"]
[White "Bodis, Elias"]
[Black "Kendera, Timotej Matej"]
[Result "1-0"]
[WhiteElo "1470"]
[BlackElo "1000"]
[PlyCount "49"]
[EventDate "2025.05.11"]
[EventType "swiss"]
[EventRounds "9"]
[EventCountry "SVK"]
[SourceTitle "CB21_2025"]
[SourceDate "2025.05.21"]
[SourceVersion "1"]
[SourceVersionDate "2025.05.21"]
[SourceQuality "1"]

1. e4 e5 2. Nf3 f6 3. Nc3 Bb4 4. Bc4 Ne7 5. 0-0 c6 6. a3 Bxc3 7. dxc3 b5 8. Bb3 c5 9. c4 bxc4 10. Bxc4 Bb7 11. Re1 f5 12. exf5 Bxf3 13. Qxf3 Nbc6 14. Bg5 Rb8 15. Bxe7 Qxe7 16. b3 Nd4 17. Qh5+ g6 18. fxg6 Nxc2 19. g7+ Qf7 20. Qxf7+ Kd8 21. gxh8Q+ Kc7 22. Qxe5+ Kb7 23. Qfd5+ Kc8 24. Ba6+ Kd8 25. Qxb8# 1-0